000 00348 a2200145 4500
001 153920
040 _cEscola São Tomás de Aquino
100 _aRIBEIRO, Jonas
240 1 0 _aGalo Barnabé vai ao balé
_lpor
245 1 0 _aGalo Barnabé vai ao balé
362 0 _a2009
440 1 _aBrinque-book
697 _a*LITERATURA INFANTO
942 _cBK
999 _c153920
_d153920